| 000 | 00394 a2200169 4500 | ||
|---|---|---|---|
| 001 | 157647 | ||
| 020 | _a978-85-7164-540-x | ||
| 040 | _cEscola São Tomás de Aquino | ||
| 100 | _aGAARDER, Jostein | ||
| 240 | 1 | 0 |
_aO dia do Curinga _lpor |
| 245 | 1 | 0 | _aO dia do Curinga |
| 300 | _a378 | ||
| 362 | 0 | _a1996 | |
| 440 | 1 | _aCompanhia das Letras | |
| 697 | _aRetórica da ficção | ||
| 942 | _cBK | ||
| 999 |
_c157647 _d157647 |
||